Star Wars - Sont-ils morts ? - Mort Subite - Statistiques

Statistiques générales
  • Ce quiz a été pris 487 fois
  • Le résultat moyen est 7 sur 16
Answers on the Grid
Answers color-coded by a green-red scale on the quiz's grid according to % correct below.
Yoda
Obi-Wan Kenobi
Han Solo
Hux
Plo Koon
Ki-Adi-Mundi
Kit Fisto
Amilyn Holdo
Jabba le Hutt
Ben Solo / Kylo Ren
Anakin Skywalker / Dark Vador
Grand Moff Tarkin
Amiral Ackbar
Nien Nunb
Dark Plagueis
Rose Tico
Rey
Finn
Poe Dameron
Grogu
Din Djarin
Boba Fett
Lando Calrissian
Chewbacca
R2-D2
C-3PO
Maz Kanata
BB-8
Bossk
Cassian Andor
 
Statistiques - réponses
Réponse % Correct
Anakin Skywalker / Dark Vador
68%
Obi-Wan Kenobi
66%
Yoda
65%
Han Solo
61%
Jabba le Hutt
58%
Dark Plagueis
45%
Ben Solo / Kylo Ren
44%
Grand Moff Tarkin
41%
Kit Fisto
39%
Plo Koon
36%
Amiral Ackbar
34%
Ki-Adi-Mundi
34%
Cassian Andor
33%
Hux
32%
Amilyn Holdo
24%
Nien Nunb
11%
Aucun quiz correspondant
Distribution des résultats
% des personnes avec chaque résultat
Percentile par nombre de réponses
Votre historique - résultats
Vous n’avez pas pris ce quiz